NBA Team Logos that are Circular - Statistics

General Stats
  • This quiz has been taken 84 times
    34 since last reset
  • The average score is 21 of 24
Answer Stats
Picture Answer % Correct
Atlanta Hawks
100%
Boston Celtics
100%
Denver Nuggets
100%
Golden State Warriors
100%
Minnesota Timberwolves
100%
Charlotte Hornets
92%
Dallas Mavericks
92%
Detroit Pistons
92%
Toronto Raptors
92%
Brooklyn Nets
88%
New York Knicks
88%
Portland Trailblazers
88%
San Antonio Spurs
88%
Houston Rockets
85%
Memphis Grizzlies
85%
Sacramento Kings
85%
Washington Wizards
85%
Los Angeles Lakers
81%
Orlando Magic
81%
Philadelphia 76ers
81%
Los Angeles Clippers
77%
Milwaukee Bucks
77%
New Orleans Pelicans
69%
Indiana Pacers
58%
No matching quizzes found
Score Distribution
Percent of People with Each Score
Percentile by Number Answered
Your Score History
You have not taken this quiz since the last reset